<?xml version="1.0" encoding="UTF-8"?>
<collection xmlns:xsi="http://www.w3.org/2001/XMLSchema-instance" xsi:schemaLocation="http://www.loc.gov/MARC21/slim http://www.loc.gov/standards/marcxml/schema/MARC21slim.xsd" xmlns="http://www.loc.gov/MARC21/slim">
 <record>
  <leader>00000nam a22000004a 4500</leader>
  <controlfield tag="001">UP-1685675941122118172</controlfield>
  <controlfield tag="003">Buklod</controlfield>
  <controlfield tag="005">20230822094645.0</controlfield>
  <controlfield tag="006">m    |o  d |      </controlfield>
  <controlfield tag="007">cr |||||||||||</controlfield>
  <controlfield tag="008">230822s2016    xxk     o  d        eng d</controlfield>
  <datafield tag="020" ind1=" " ind2=" ">
   <subfield code="a">9781317572022 (eBook)</subfield>
  </datafield>
  <datafield tag="037" ind1=" " ind2=" ">
   <subfield code="a">FA-90eb</subfield>
   <subfield code="b">EBSCO International, Inc.</subfield>
   <subfield code="c">P9,720.00</subfield>
  </datafield>
  <datafield tag="040" ind1=" " ind2=" ">
   <subfield code="a">OCLC</subfield>
   <subfield code="d">DCFA</subfield>
   <subfield code="e">rda</subfield>
  </datafield>
  <datafield tag="041" ind1=" " ind2=" ">
   <subfield code="a">eng</subfield>
  </datafield>
  <datafield tag="084" ind1=" " ind2=" ">
   <subfield code="a">N 8825 </subfield>
   <subfield code="b">E94 2016eb</subfield>
  </datafield>
  <datafield tag="245" ind1="1" ind2="4">
   <subfield code="a">The Everyday practice of public art</subfield>
   <subfield code="b">art, space, and social inclusion</subfield>
   <subfield code="c">edited by Cameron Cartiere and Martin Zebracki.</subfield>
  </datafield>
  <datafield tag="264" ind1=" " ind2="1">
   <subfield code="a">London</subfield>
   <subfield code="b">Routledge</subfield>
   <subfield code="c">2016</subfield>
  </datafield>
  <datafield tag="300" ind1=" " ind2=" ">
   <subfield code="a">1 online resource</subfield>
  </datafield>
  <datafield tag="336" ind1=" " ind2=" ">
   <subfield code="a">text</subfield>
   <subfield code="2">rdacontent</subfield>
  </datafield>
  <datafield tag="337" ind1=" " ind2=" ">
   <subfield code="a">computer</subfield>
   <subfield code="2">rdamedia</subfield>
  </datafield>
  <datafield tag="338" ind1=" " ind2=" ">
   <subfield code="a">online resource</subfield>
   <subfield code="2">rdacarrier</subfield>
  </datafield>
  <datafield tag="520" ind1=" " ind2=" ">
   <subfield code="a">This is a multidisciplinary anthology of analyses exploring the expansion of contemporary public art issues beyond the built environment. It follows the highly successful publication The Practice of Public Art (eds. Cartiere and Willis), and expands the analysis of the field with a broad perspective which includes practicing artists, curators, activists, writers and educators from North America, Europe and Australia, who offer divergent perspectives on the many facets of the public art process. &#13;
&#13;
The collection examines the continual evolution of public art, moving beyond monuments and memorials to examine more fully the development of socially-engaged public art practice. Topics include constructing new models for developing and commissioning temporary and performance-based public artworks; understanding the challenges of a socially-engaged public art practice vs. social programming and policymaking; the social inclusiveness of public art; the radical developments in public art and social practice pedagogy; and unravelling the relationships between public artists and the communities they serve. &#13;
&#13;
Offers a diverse perspective on the increasingly complex nature of artistic practice in the public realm in the twenty-first century.</subfield>
  </datafield>
  <datafield tag="650" ind1=" " ind2="0">
   <subfield code="a">Public art</subfield>
   <subfield code="x">Social aspects.</subfield>
  </datafield>
  <datafield tag="700" ind1="1" ind2=" ">
   <subfield code="a">Cartiere, Cameron </subfield>
   <subfield code="e">editor.</subfield>
  </datafield>
  <datafield tag="700" ind1="1" ind2=" ">
   <subfield code="a">Zebracki, Martin</subfield>
   <subfield code="e">editor.</subfield>
  </datafield>
  <datafield tag="856" ind1="0" ind2="0">
   <subfield code="y">Full text access requires UP Webmail login</subfield>
   <subfield code="u">http://search.ebscohost.com/login.aspx?direct=true&amp;scope=site&amp;db=nlebk&amp;db=nlabk&amp;AN=1100859</subfield>
  </datafield>
  <datafield tag="905" ind1=" " ind2=" ">
   <subfield code="a">FO</subfield>
  </datafield>
  <datafield tag="852" ind1="0" ind2=" ">
   <subfield code="a">UPD</subfield>
   <subfield code="b">DCFA</subfield>
  </datafield>
  <datafield tag="942" ind1=" " ind2=" ">
   <subfield code="a">Electronic Resource</subfield>
  </datafield>
 </record>
</collection>
